000 00644nam a2200265Ia 4500
003 OSt
005 20221007104858.0
006 a|||||r|||| 00| 0
007 ta
008 221006b |||||||| |||| 00| 0 eng d
024 _a17,013
037 _cTextual
040 _aLCO
_cLCO
_beng
041 _2eng
_aeng
082 _aZ2,4, L7
100 _aSalmond
_9683802
245 0 _aLaw of Torts
250 _a17th
260 _aLondon.
_bSweet & Maxwell UK
_c1977
300 _a629
650 _aTORTS
_9690967
700 _a Heuston
_9686727
942 _hZ2,4, L7
_cTEXL
999 _c1186576
_d1186576